Sanskrit Sahitya ka Ithihas (Record no. 5496)

MARC details
000 -LEADER
fixed length control field 00308nam a22001217a 4500
005 - DATE AND TIME OF LATEST TRANSACTION
control field 20170724122108.0
008 - FIXED-LENGTH DATA ELEMENTS--GENERAL INFORMATION
fixed length control field 170724b xxu||||| |||| 00| 0 eng d
041 ## - LANGUAGE CODE
Language code of text/sound track or separate title eng
100 ## - MAIN ENTRY--AUTHOR NAME
Personal name Gairola,Watchspati
245 ## - TITLE STATEMENT
Title Sanskrit Sahitya ka Ithihas
260 ## - PUBLICATION, DISTRIBUTION, ETC. (IMPRINT)
Name of publisher Chourkhamba Vidyabhwan
Year of publication Varanasi
942 ## - ADDED ENTRY ELEMENTS (KOHA)
Koha item type Books
Holdings
Lost status Damaged status Home library Current library Shelving location Date acquired Source of acquisition Cost, normal purchase price Accession Number Koha item type
    JRU Library   SHELF-20-N 24/07/2017 Purchase 325.00 19458 Books